Rhodes and another v Allied Dunbar Pension Services Ltd and others (Record no. 7264)

MARC details
000 -LEADER
fixed length control field 01457cab a2200181 4500
001 - CONTROL NUMBER
control field ABS38591
008 - FIXED-LENGTH DATA ELEMENTS--GENERAL INFORMATION
fixed length control field 090401t1987 xxu||||| |||| 00| 0 eng d
035 ## - SYSTEM CONTROL NUMBER
System control number (Sirsi) u11400
041 ## - LANGUAGE CODE
Language code of text/sound track or separate title eng
245 ## - TITLE STATEMENT
Title Rhodes and another v Allied Dunbar Pension Services Ltd and others
260 ## - PUBLICATION, DISTRIBUTION, ETC.
Date of publication, distribution, etc. 1987
350 ## - PRICE (NR) (BK AM CF MU VM SE) [OBSOLETE]
Price 0
490 ## - SERIES STATEMENT
Series statement Weekly Law Reports
Volume/sequential designation (1987) 1 WLR 1703-1710(8)
520 ## - SUMMARY, ETC.
Summary, etc. ChD 19 June 1987. A company created a debenture over its assets in favour of a bank, which included the lease of premises part sublet. In July 1986 the bank appointed receivers under the debenture and the rent from the sublet premises became payable to them. In February 1987 the company`s landlords served notice on the sub-tenants under Law of Distress Amendment Act 1908 s6 requiring all future rent to be paid to them. The receiver summoned a declaration that the rent was payable to them. It was held that the words of s3 of the Act, that the under -tenant `shall be deemed to be the immediate tenant of the superior landlord` were construed as meaning landlords, tenants and sub-tenants and not mortgagees, assignees or third parties. Since at the time the landlords gave notice under s6, the tenant no longer had the right to receive rents as they were assigned to receivers, it was held that the receivers were entitled to the rents payable under the sub-lease.
690 ## - LOCAL SUBJECT ADDED ENTRY--TOPICAL TERM (OCLC, RLIN)
Topical term or geographic name as entry element LANDLORD AND TENANT-CASE LAW-BUSINESS TENANCIES
942 ## - ADDED ENTRY ELEMENTS (KOHA)
Suppress in OPAC 0
948 ## - LOCAL PROCESSING INFORMATION (OCLC); SERIES PART DESIGNATOR (RLIN)
c (OCLC) 04/03/1997
Holdings
Withdrawn status Lost status Source of classification or shelving scheme Damaged status Not for loan Home library Current library Shelving location Date acquired Total Checkouts Full call number Barcode Date last seen Copy number Price effective from Koha item type
    Dewey Decimal Classification     London London Journal article 14/09/1999   ABS38591 11400-1001 06/08/2019 1 06/08/2019 Law report